चतुर्भुज रचनावली -भाग 2-3: (Record no. 210358)
[ view plain ]
| 000 -LEADER | |
|---|---|
| fixed length control field | 01373nam a22002057a 4500 |
| 005 - DATE AND TIME OF LATEST TRANSACTION | |
| control field | 20250318123359.0 |
| 010 ## - LCCN (DPL NO) | |
| LC control number | HIN-129526-527 |
| 020 ## - INTERNATIONAL STANDARD BOOK NUMBER | |
| International Standard Book Number | 9788179700006 (भाग-2) |
| Terms of availability | 450.00 |
| 020 ## - INTERNATIONAL STANDARD BOOK NUMBER | |
| International Standard Book Number | 8179700003 (भाग-3) |
| Terms of availability | 450.00 |
| 035 ## - SYSTEM CONTROL NUMBER | |
| System control number | HN-101872-873 |
| 037 ## - SOURCE OF ACQUISITION | |
| Source of stock number/acquisition | समय प्रकाशन |
| 082 ## - DEWEY DECIMAL CLASSIFICATION NUMBER | |
| Classification number | 820 |
| 245 ## - TITLE STATEMENT | |
| Title | चतुर्भुज रचनावली -भाग 2-3: |
| Statement of responsibility, etc | अशोक प्रियदर्शी, कुमार शांतरक्षित, सुनील कुमार सिन्हा |
| Remainder of title | पन्द्रह ऐतिहासिक नाटकों का संग्रह; कहानियां, नाटक/रूपक, संस्मरण और लेख |
| 260 ## - PUBLICATION, DISTRIBUTION, ETC. (IMPRINT) | |
| Place of publication, distribution, etc | नई दिल्ली |
| Name of publisher, distributor, etc | समय प्रकाशन |
| Date of publication, distribution, etc | 2003, 2005 |
| 270 ## - ADDRESS | |
| Address | आई-1/16, शांति मोहन हाउस, अंसारी रोड, दरियागंज, |
| City | नई दिल्ली |
| Postal code | 110002 |
| 300 ## - PHYSICAL DESCRIPTION | |
| Extent | 2भाग(480; 491 पृ. |
| Dimensions | 22सेमी(सजिल्द) |
| 490 ## - SERIES STATEMENT | |
| Volume number/sequential designation | 2 भाग |
| 700 ## - ADDED ENTRY--PERSONAL NAME | |
| Personal name | अशोक प्रियदर्शी; कुमार शांतरक्षित; सुनील कुमार सिन्हा द्वारा संपादित |
| 9 (RLIN) | 79733 |
| 942 ## - ADDED ENTRY ELEMENTS (KOHA) | |
| Source of classification or shelving scheme | Dewey Decimal Classification |
| Item type | Hindi Books |
| Classification part | 820 |
| Call number suffix | चतुर्भु |
| Withdrawn status | Lost status | Not for loan | Collection code | Home library | Current library | Date acquired | Source of acquisition | Cost, normal purchase price | Full call number | Barcode | Copy number | Cost, replacement price | Koha item type |
|---|---|---|---|---|---|---|---|---|---|---|---|---|---|
| Non-fiction | Ashok Vihar | Ashok Vihar | 18/03/2025 | DBAD | 450.00 | 820 चतुर्भु | HN-101872 | 2 | 450.00 | Hindi Books | |||
| Non-fiction | Ashok Vihar | Ashok Vihar | 18/03/2025 | DBAD | 450.00 | 820 चतुर्भु | HN-101873 | 3 | 450.00 | Hindi Books |
